5HLuxD.jpg

KING HENRY VIII SENIOR AND PRIMARY SCHOOL LIBRARY OPAC

An acceptable time / (Record no. 956)

000 -LEADER
fixed length control field 01169cam a2200289 a 4500
001 - CONTROL NUMBER
control field 005352324
003 - CONTROL NUMBER IDENTIFIER
control field OSt
005 - DATE AND TIME OF LATEST TRANSACTION
control field 20200107110237.0
008 - FIXED-LENGTH DATA ELEMENTS--GENERAL INFORMATION
fixed length control field 091117r20071989nyu j 000 1 eng
010 ## - LIBRARY OF CONGRESS CONTROL NUMBER
LC control number 2009419375
020 ## - INTERNATIONAL STANDARD BOOK NUMBER
International Standard Book Number 9780312368586
Qualifying information (pbk.) :
040 ## - CATALOGING SOURCE
Original cataloging agency NKMU
Language of cataloging eng
Transcribing agency NKMU
Modifying agency NKMU
Description conventions AACR2
042 ## - AUTHENTICATION CODE
Authentication code nbic
082 ## - DEWEY DECIMAL CLASSIFICATION NUMBER
Classification number FIC LEN
100 1# - MAIN ENTRY--PERSONAL NAME
Personal name L'Engle, Madeleine.
Relator term author
245 13 - TITLE STATEMENT
Title An acceptable time /
Statement of responsibility, etc. Madeleine L'Engle.
250 ## - EDITION STATEMENT
Edition statement 1st Square Fish ed.
260 ## - PUBLICATION, DISTRIBUTION, ETC.
Place of publication, distribution, etc. New York :
Name of publisher, distributor, etc. Farrar, Straus and Giroux,
Date of publication, distribution, etc. 2007.
300 ## - PHYSICAL DESCRIPTION
Extent 373 p. ;
Dimensions 20 cm.
440 ## - SERIES STATEMENT/ADDED ENTRY--TITLE
Title The time quintet ;
Number of part/section of a work Book 5
500 ## - GENERAL NOTE
General note Includes an interview with the author and a genealogical table of the Murry-O'Keefe and Austin families and lists the books in which they appear.
520 ## - SUMMARY, ETC.
Summary, etc. Polly's stay with her grandparents in Connecticut becomes an extraordinary experience as she encounters old friends and mysterious strangers and finds herself traveling back in time to play a crucial role in a prehistoric confrontation.
650 #1 - SUBJECT ADDED ENTRY--TOPICAL TERM
Topical term or geographic name entry element Druids and druidism
Form subdivision Fiction.
650 #1 - SUBJECT ADDED ENTRY--TOPICAL TERM
Topical term or geographic name entry element Space and time
Form subdivision Fiction.
650 #1 - SUBJECT ADDED ENTRY--TOPICAL TERM
Topical term or geographic name entry element Time travel
Form subdivision Fiction.
942 ## - ADDED ENTRY ELEMENTS (KOHA)
Source of classification or shelving scheme
Koha item type Books - Fiction
Holdings
Withdrawn status Lost status Source of classification or shelving scheme Damaged status Not for loan Collection code Permanent Location Current Location Shelving location Date acquired Full call number Barcode Date last seen Price effective from Koha item type
          Fiction KH8 Senior School Library KH8 Senior School Library Fiction 2020-01-07 FIC LEN 3KHSL000101705 2024-07-17 2020-01-07 Books - Fiction

Powered By KH8 IT Dept